| 000 | 01164nam0a2200313 4500 | ||
|---|---|---|---|
| 001 | RU\NLR\bibl\78018 | ||
| 005 | 20250616102656.0 | ||
| 010 |
_a5-7972-0053-8 _9500 |
||
| 021 |
_aRU _b1998-29526 _91402 |
||
| 035 | _a(NLR Aleph) 000076154 | ||
| 090 |
_a422184 _c422184 |
||
| 100 | _a20000331d1998 |||y0rusy50 ca | ||
| 101 | 0 | _arus | |
| 102 | _aRU | ||
| 105 | _ay ||||||||| | ||
| 200 | 1 |
_aКрах обреченных мифов _fЮ.Г. Агаджанов _gМ-во общ. и проф. образования Рос. Федерации, Рост. гос. экон. акад. |
|
| 210 |
_aРостов н/Д _cИзд-во РГЭА _cМолот _d1998 |
||
| 215 |
_a116,[1] с. _d20 |
||
| 320 | _aБиблиогр. в подстроч. прим. | ||
| 606 | 0 |
_aНациональные отношения _yКавказ Северный _92091170 _3RU\NLR\auth\661265691 |
|
| 686 | _aТ3(24)74-36 | ||
| 700 | 1 |
_aАгаджанов _bЮ. Г. _gЮрий Георгиевич _4070 |
|
| 801 | 0 |
_aRU _bNLR _c20000331 _gPSBO |
|
| 801 | 1 |
_aRU _bNLR _c20000331 |
|
| 830 | _aАвт. по кн | ||
| 852 |
_aNLR _j2000-3/339 |
||
| 942 | _cBOOK | ||
| 980 | _aNB | ||